00728nam a22001695i 4500001000700000003000900007005001700016008004100033040002000074100003500094245012100129260006500250300002100315500001900336700002400355852017900379158429ES-MaACL20230906211138.0020128s1876 sp |||| | spa d aCAM bspa cCAM1 aMadán y García, Augusto E.10aRosa b: zarzuela en tres actos y en verso, acomodada á la música de J. Offenbach / cpor A. Mádan y García. aMadrid : b[s.n.], c1876 (fImprenta de José Rodríguez) a90 p. ; c19 cm. aSolo el texto.0 aOffenbach, Jacques. aES-MaACLjF-8555(14) z-- Enc. pasta española q-- Falto de la cub. originalz-- Enc. en un vol. facticio formando parte de la col. facticia "Teatro español moderno", v.7